000 nam a22 7a 4500
999 _c9666
_d9666
008 180206b ||||| |||| 00| 0 eng d
100 _aSharman,etal.
_95263
245 _aTogether With English Language & Literature Solution-X
260 _aNew Delhi
_bRachna Sagar
_c2007